Sociology of meaning = Sociología del sentido /

Guardado en:
Bibliografiske detaljer
Hovedforfatter: O'Malley, John B.
Format: Ukendt
Sprog:English
Udgivet: Londres : Human Context Books, 1972.
Fag:
Tags: Tilføj Tag
Ingen Tags, Vær først til at tagge denne postø!

MARC

LEADER 000000000a22000000004500
001 013004
041 0 |a eng 
082 0 4 |a 301.1   |b O54s 
100 1 |a O'Malley, John B. 
245 1 0 |a Sociology of meaning =   |b Sociología del sentido /   |c John B. O'Malley. 
246 3 1 |a Sociología del sentido 
260 1 |a Londres :   |b Human Context Books,   |c 1972. 
300 |a 308 páginas ;   |c 22 cm. 
650 4 |a SOCIOLOGIA 
650 4 |a METODOLOGIA 
650 4 |a SEMANTICA 
500 |a Colección George Yúdice 
999 |c 18948  |d 18948 
942 |c BK  |h 301.1 O54s  |2 z